1031 1325 1140 1563 1675 1832 1959 1728 1361 1973 1530 1817 1298 1542 1553 1406 1038 1557 1015 1655 1211 1073 1050 1950 1605 1886 1832 1978 1799 1180 1094 1936 1317 1311 1612 1023 1453 1994 1897 1917 1865 1637 1504 1827 1133 1653 1593 1360 1081 1242 1638 1517 1361 1596 1453 1760 1314 1014 1009 1120 1847 1371 1362 1349 1402 1136 1857 1132 1164 1477 1240 1936 1633 1373 1791 1786 1266 1076 1888 1072 1017 1331 1863 1093 1190 1644 1807 1986 1529 1083 1852 1957 1026 1747 1459 1204 1028 1351 1998 BCNSPRNW ULIB Ver.6.0+V

เปลี่ยนเป็นภาษาไทย

Change to English
 แสดงรายละเอียดบรรณานุกรม
  กลับหน้าหลัก

Brief Record : Get Marc (ISO 2709) : E-mail record : QR code < ปิดหน้าต่าง
LEADER : 00000nam 2200000uu 4500
001    13399126998
003     ULIB
008    190927s2562||||th 000 0 tha d
020    ^a9789740338420
060 04 ^aWA30^bพ264ค
100 0  ^aพรรณทิพา ศักดิ์ทอง
245 10 ^aคุณภาพชีวิตด้านสุขภาพ /^cพรรณทิพา ศักดิ์ทอง
250    ^aพิมพ์ครั้งที่ 2
260    ^aกรุงเทพฯ :^bสำนักพิมพ์แห่งจุฬาลงกรณ์มหาวิทยาลัย,^c2562
300    ^a[9], 163 หน้า :^bภาพประกอบ ;^c21 ซม.
504    ^aมีบรรณานุกรมและดัชนี
505 0  ^aบทนำ -- เครื่องมือประเมินคุณภาพชีวิตแบบทั่วไป -- อรรถประโยชน์ --เครื่องมือประเมินคุณภาพชีวิตแบบเฉพาะ --เครื่องมือประเมินคุณภาพชีวิตรายบุคคล -- หลักเกณฑ์ในการเลือกเครื่องมือ
650  4 ^aคุณภาพชีวิต^xการประเมิน
650  4 ^aคุณภาพชีวิต
650  4 ^aสุขภาพ
945    ^p140^l0^i006144
945    ^p140^l0^i006146
945    ^p140^l0^i006143
945    ^p140^l0^i006142
945    ^p140^l0^i006145
999    ^aประนอม เกษจรัล
รายการนี้ยังไม่มีแท็ก
คุณยังไม่ได้ล็อกอิน คุณสามารถมีกิจกรรมร่วมกับเว็บไซต์ได้ แต่ต้องล็อกอินก่อน ::
  ล็อกอิน

รายการสื่อสารสนเทศ

ลำดับที่ ประเภท เลขเรียก/บาร์โค้ด สถานที่ สถานะ
1. วิทยาศาสตร์การแพทย์ และสุขภาพ
หนังสือสำรอง
สถานะ=หนังสือสำรอง
WA30 พ264ค ฉ.1 
  Barcode: 006142
ห้องสมุดวิทยาเขตสวรรค์ประชารักษ์
►หนังสือทั่วไป
บนชั้น
2. วิทยาศาสตร์การแพทย์ และสุขภาพ
วิทยาศาสตร์การแพทย์ และสุขภาพ
WA30 พ264ค ฉ.2 
  Barcode: 006143
ห้องสมุดวิทยาเขตสวรรค์ประชารักษ์
►หนังสือทั่วไป
บนชั้น
3. วิทยาศาสตร์การแพทย์ และสุขภาพ
วิทยาศาสตร์การแพทย์ และสุขภาพ
WA30 พ264ค ฉ.3 
  Barcode: 006144
ห้องสมุดวิทยาเขตสวรรค์ประชารักษ์
►หนังสือทั่วไป
บนชั้น
4. วิทยาศาสตร์การแพทย์ และสุขภาพ
วิทยาศาสตร์การแพทย์ และสุขภาพ
WA30 พ264ค ฉ.4 
  Barcode: 006145
ห้องสมุดวิทยาเขตสวรรค์ประชารักษ์
►หนังสือทั่วไป
บนชั้น
5. วิทยาศาสตร์การแพทย์ และสุขภาพ
วิทยาศาสตร์การแพทย์ และสุขภาพ
WA30 พ264ค ฉ.5 
  Barcode: 006146
ห้องสมุดวิทยาเขตสวรรค์ประชารักษ์
►หนังสือทั่วไป
บนชั้น

รายการใกล้เคียง
    ผู้แต่ง [พรรณทิพา ศักดิ์ทอง]

    หัวเรื่อง [คุณภาพชีวิต]
    หัวเรื่อง [สุขภาพ]

BibComment


ยังไม่เคยถูกคอมเมนท์

คอมเมนท์ทรัพยากรรายการนี้
  คอมเมนท์: คุณภาพชีวิตด้านส..


 Copyright 2026. Bcnsprnw @Library